[Event "FICGS class D 000296 email"]
[Site "FICGS email"]
[Date "2023.06.25"]
[Round "1"]
[White "Phillips, Wendell"]
[Black "Budnar, Milos"]
[Result "1-0"]
[WhiteElo "1717"]
[BlackElo "1521"]
[PlyCount "31"]
[EventDate "2023.??.??"]
[EventType "tourn (corr)"]
[EventRounds "6"]
[SourceTitle "Corr 2024"]
[Source "ChessBase"]
[SourceDate "2023.10.19"]
[SourceVersion "1"]
[SourceVersionDate "2023.10.19"]
[SourceQuality "1"]

1. e4 e5 2. d3 Nf6 3. Be2 h6 4. c3 Bd6 5. h3 0-0 6. Nd2 Nc6 7. Nf1 a6 8. Ng3 Be7 9. Nf3 d6 10. Bd2 b5 11. Qc1 d5 12. Bxh6 gxh6 13. Qxh6 Nh7 14. Nh5 Bf6 15. Ng5 Bxg5 16. Qg7# 1-0

[Event "FICGS class D 000296 email"]
[Site "FICGS email"]
[Date "2023.06.25"]
[Round "1"]
[White "Pintor, Manuel"]
[Black "Budnar, Milos"]
[Result "1-0"]
[WhiteElo "1786"]
[BlackElo "1521"]
[PlyCount "57"]
[EventDate "2023.??.??"]
[EventType "tourn (corr)"]
[EventRounds "6"]
[SourceTitle "Corr 2024"]
[Source "ChessBase"]
[SourceDate "2023.10.19"]
[SourceVersion "1"]
[SourceVersionDate "2023.10.19"]
[SourceQuality "1"]

1. e4 e5 2. f4 exf4 3. Nf3 h6 4. Bc4 Bc5 5. d4 Bd6 6. e5 Bb4+ 7. c3 Ba5 8. 0-0 c6 9. Bxf4 Ne7 10. h4 Nf5 11. Ng5 d5 12. exd6 hxg5 13. Bxg5 f6 14. Qe2+ Kf8 15. Be6 Bxe6 16. Qxe6 Qd7 17. Qxf5 Qxf5 18. Rxf5 Bd8 19. Nd2 Nd7 20. Ne4 Kf7 21. Raf1 Rh5 22. g4 Rh7 23. h5 Kg8 24. Bh4 g5 25. Bg3 Kg7 26. Nxg5 Rh6 27. Ne6+ Kf7 28. Nxd8+ Rxd8 29. Bf4 1-0

[Event "FICGS rapid C 000296 email"]
[Site "FICGS email"]
[Date "2023.05.20"]
[Round "1"]
[White "Budnar, Milos"]
[Black "Paul, Samagata"]
[Result "0-1"]
[WhiteElo "1521"]
[BlackElo "1630"]
[PlyCount "72"]
[EventDate "2023.??.??"]
[EventType "tourn (rapid)"]
[EventRounds "4"]
[SourceTitle "Corr 2024"]
[Source "ChessBase"]
[SourceDate "2023.10.19"]
[SourceVersion "1"]
[SourceVersionDate "2023.10.19"]
[SourceQuality "1"]

1. e4 e5 2. Nf3 Nc6 3. Bb5 d6 4. h3 Bd7 5. c3 h6 6. 0-0 Nge7 7. d4 exd4 8. Nxd4 Nxd4 9. Qxd4 Nc6 10. Bxc6 Bxc6 11. e5 d5 12. b4 Be7 13. Bf4 Qd7 14. Re1 Qe6 15. Nd2 b6 16. Bg3 0-0 17. Nf3 Bb7 18. a4 c5 19. bxc5 Bxc5 20. Qf4 g5 21. Qf6 Kh7 22. Nd4 Qxf6 23. exf6 Kg6 24. Be5 Rad8 25. a5 Rfe8 26. axb6 Bxb6 27. Rab1 Rc8 28. Re3 Ba6 29. g4 Rc4 30. Rb4 Rxb4 31. cxb4 Rc8 32. b5 Bb7 33. Kh2 Rc1 34. Kg3 Rd1 35. f4 gxf4+ 36. Kxf4 Bxd4 0-1

[Event "FICGS rapid C 000296 email"]
[Site "FICGS email"]
[Date "2023.05.20"]
[Round "1"]
[White "Forme, Vocihc"]
[Black "Budnar, Milos"]
[Result "1-0"]
[WhiteElo "1500"]
[BlackElo "1521"]
[PlyCount "55"]
[EventDate "2023.??.??"]
[EventType "tourn (rapid)"]
[EventRounds "4"]
[SourceTitle "Corr 2024"]
[Source "ChessBase"]
[SourceDate "2023.10.19"]
[SourceVersion "1"]
[SourceVersionDate "2023.10.19"]
[SourceQuality "1"]

1. e4 e5 2. Nf3 Nf6 3. Nxe5 Nxe4 4. Qe2 d6 5. Nxf7 Kxf7 6. Qxe4 Qe7 7. Bc4+ Ke8 8. d3 Qxe4+ 9. dxe4 Bd7 10. Nc3 Be7 11. Be3 Nc6 12. Nd5 Kd8 13. 0-0-0 a6 14. h4 b5 15. Be2 h5 16. Bg5 Bxg5+ 17. hxg5 g6 18. Nf6 Rf8 19. f4 Ne7 20. e5 Nf5 21. Bf3 Ra7 22. g4 hxg4 23. Bxg4 Ne3 24. Bxd7 Nxd1 25. Kxd1 Rxf6 26. exf6 Kxd7 27. f5 gxf5 28. Re1 1-0

[Event "FICGS rapid C 000295 email"]
[Site "FICGS email"]
[Date "2023.03.18"]
[Round "1"]
[White "Ramirez, Eliecer"]
[Black "Budnar, Milos"]
[Result "1-0"]
[WhiteElo "1953"]
[BlackElo "1510"]
[PlyCount "31"]
[EventDate "2023.??.??"]
[EventType "tourn (rapid)"]
[EventRounds "4"]
[SourceTitle "Corr 2024"]
[Source "ChessBase"]
[SourceDate "2023.10.19"]
[SourceVersion "1"]
[SourceVersionDate "2023.10.19"]
[SourceQuality "1"]

1. f4 d5 2. Nf3 Nf6 3. e3 h6 4. b3 e6 5. Be2 a6 6. 0-0 Be7 7. c4 0-0 8. Bb2 Nc6 9. Ne5 Nxe5 10. fxe5 Ne4 11. d3 Ng5 12. Qc2 b5 13. c5 c6 14. Nd2 b4 15. a3 bxa3 16. Rxa3 1-0

[Event "FICGS class D 000293 email"]
[Site "FICGS email"]
[Date "2023.03.14"]
[Round "1"]
[White "Leurette, Marc Antoine"]
[Black "Budnar, Milos"]
[Result "1-0"]
[WhiteElo "1656"]
[BlackElo "1510"]
[PlyCount "37"]
[EventDate "2023.??.??"]
[EventType "tourn (corr)"]
[EventRounds "6"]
[SourceTitle "Corr 2024"]
[Source "ChessBase"]
[SourceDate "2023.10.19"]
[SourceVersion "1"]
[SourceVersionDate "2023.10.19"]
[SourceQuality "1"]

1. e4 e5 2. Nf3 Nc6 3. Bc4 Bc5 4. c3 Nf6 5. b4 Be7 6. d3 d5 7. exd5 Nxd5 8. 0-0 Bg4 9. h3 Bh5 10. g4 Bg6 11. Bb2 a6 12. a4 h6 13. Bxd5 Qxd5 14. c4 Qe6 15. d4 Qxc4 16. b5 axb5 17. axb5 Rxa1 18. Bxa1 f6 19. bxc6 1-0

[Event "FICGS rapid D 000146 email"]
[Site "FICGS email"]
[Date "2022.10.23"]
[Round "1"]
[White "Brand Lyard, Paul"]
[Black "Budnar, Milos"]
[Result "0-1"]
[WhiteElo "1408"]
[BlackElo "1467"]
[PlyCount "48"]
[EventDate "2022.??.??"]
[EventType "tourn (rapid)"]
[EventRounds "5"]
[SourceTitle "Corr 2024"]
[Source "ChessBase"]
[SourceDate "2023.10.19"]
[SourceVersion "1"]
[SourceVersionDate "2023.10.19"]
[SourceQuality "1"]

1. Nh3 d5 2. Ng1 Nf6 3. d4 e6 4. Bg5 h6 5. Bxf6 Qxf6 6. Nf3 Bd6 7. e3 0-0 8. Bd3 e5 9. dxe5 Bxe5 10. Nxe5 Qxe5 11. c3 Be6 12. h3 a6 13. 0-0 Nc6 14. b4 Qg5 15. g4 g6 16. a4 h5 17. Be2 f5 18. Kh2 hxg4 19. hxg4 Qh4+ 20. Kg1 fxg4 21. Bxg4 Bxg4 22. Re1 Bxd1 23. Ra2 Bf3 24. Nd2 Qh1# 0-1

[Event "FICGS rapid D 000146 email"]
[Site "FICGS email"]
[Date "2022.10.23"]
[Round "1"]
[White "Budnar, Milos"]
[Black "Goldmund, Heike"]
[Result "1-0"]
[WhiteElo "1467"]
[BlackElo "1427"]
[PlyCount "67"]
[EventDate "2022.??.??"]
[EventType "tourn (rapid)"]
[EventRounds "5"]
[SourceTitle "Corr 2024"]
[Source "ChessBase"]
[SourceDate "2023.10.19"]
[SourceVersion "1"]
[SourceVersionDate "2023.10.19"]
[SourceQuality "1"]

1. e4 d5 2. exd5 Qxd5 3. f3 Nf6 4. Nc3 Qd8 5. d3 Bf5 6. Bg5 e6 7. Qd2 Nbd7 8. 0-0-0 Be7 9. a3 0-0 10. g4 Bg6 11. h4 h6 12. Bxf6 Nxf6 13. h5 Bh7 14. Bg2 c6 15. Nh3 Qc7 16. g5 Nxh5 17. gxh6 Ng3 18. Rhe1 Nf5 19. hxg7 Rfd8 20. Ng5 Bg6 21. f4 Kxg7 22. Be4 Bd6 23. Ne2 e5 24. Rh1 Rh8 25. Rxh8 Rxh8 26. Rh1 Rxh1+ 27. Bxh1 exf4 28. Be4 Ng3 29. Bxg6 fxg6 30. Ne6+ Kf6 31. Nxc7 Bxc7 32. Nxf4 g5 33. Ng2 Nf1 34. Qf2+ 1-0

[Event "FICGS rapid D 000146 email"]
[Site "FICGS email"]
[Date "2022.10.23"]
[Round "1"]
[White "Piantadosi, Angelo"]
[Black "Budnar, Milos"]
[Result "1-0"]
[WhiteElo "1418"]
[BlackElo "1467"]
[PlyCount "73"]
[EventDate "2022.??.??"]
[EventType "tourn (rapid)"]
[EventRounds "5"]
[SourceTitle "Corr 2024"]
[Source "ChessBase"]
[SourceDate "2023.10.19"]
[SourceVersion "1"]
[SourceVersionDate "2023.10.19"]
[SourceQuality "1"]

1. e4 e5 2. Nf3 Nc6 3. d4 exd4 4. Nxd4 Bb4+ 5. c3 Ba5 6. Nxc6 dxc6 7. Be2 Qxd1+ 8. Bxd1 Be6 9. 0-0 0-0-0 10. Be3 Bb6 11. Bxb6 cxb6 12. Bf3 f5 13. exf5 Bxf5 14. Na3 Nf6 15. Rad1 Bg4 16. Bxg4+ Nxg4 17. h3 Rxd1 18. Rxd1 Nf6 19. f3 Rd8 20. Rxd8+ Kxd8 21. Kf2 b5 22. Nc2 a5 23. g4 g5 24. Ke3 Ke7 25. Nd4 Nd5+ 26. Ke4 Kf6 27. Nb3 b6 28. Nd4 Ne7 29. b3 b4 30. cxb4 axb4 31. Kd3 b5 32. Ke4 h6 33. Nc2 Nd5 34. Kd4 Ke6 35. Kc5 Kd7 36. Nxb4 Nxb4 37. Kxb4 1-0

[Event "FICGS rapid D 000145 email"]
[Site "FICGS email"]
[Date "2022.08.25"]
[Round "1"]
[White "Brand Lyard, Paul"]
[Black "Budnar, Milos"]
[Result "0-1"]
[WhiteElo "1476"]
[BlackElo "1497"]
[PlyCount "74"]
[EventDate "2022.??.??"]
[EventType "tourn (rapid)"]
[EventRounds "5"]
[SourceTitle "Corr 2024"]
[Source "ChessBase"]
[SourceDate "2023.10.19"]
[SourceVersion "1"]
[SourceVersionDate "2023.10.19"]
[SourceQuality "1"]

1. e4 e5 2. Bc4 Nf6 3. Nc3 Bb4 4. d3 0-0 5. a3 Ba5 6. b4 Bb6 7. Bg5 h6 8. Bxh6 gxh6 9. Nd5 Nxd5 10. exd5 Qg5 11. Nf3 Qf6 12. 0-0 d6 13. Re1 Bg4 14. Qd2 Bxf3 15. d4 Bxg2 16. Re2 Qg7 17. f4 Bf3+ 18. Kf2 Qg2+ 19. Ke3 Bxd4+ 20. Kd3 Qxe2+ 21. Qxe2 Bxe2+ 22. Kd2 Bxa1 23. Kxe2 exf4 24. h4 Nd7 25. Kf3 Be5 26. Bb5 Nb6 27. h5 Nxd5 28. Bc4 Nf6 29. a4 Nxh5 30. Ke4 Ng3+ 31. Kd5 h5 32. b5 h4 33. Bd3 Kh8 34. a5 a6 35. c4 axb5 36. cxb5 Rxa5 37. Bc4 c6# 0-1

[Event "FICGS rapid D 000145 email"]
[Site "FICGS email"]
[Date "2022.08.25"]
[Round "1"]
[White "Budnar, Milos"]
[Black "Cirovic, Zeljko"]
[Result "1/2-1/2"]
[WhiteElo "1497"]
[BlackElo "1620"]
[PlyCount "39"]
[EventDate "2022.??.??"]
[EventType "tourn (rapid)"]
[EventRounds "5"]
[SourceTitle "Corr 2024"]
[Source "ChessBase"]
[SourceDate "2023.10.19"]
[SourceVersion "1"]
[SourceVersionDate "2023.10.19"]
[SourceQuality "1"]

1. e4 e5 2. Nf3 Nc6 3. Bb5 a6 4. Ba4 Nf6 5. Nc3 Bc5 6. 0-0 b5 7. Bb3 0-0 8. Bd5 Bb7 9. Bxc6 Bxc6 10. d3 Bd4 11. Nxd4 exd4 12. Ne2 d5 13. Nxd4 Bb7 14. exd5 Qxd5 15. Nf3 Ng4 16. h3 Ne5 17. Kh2 Nxf3+ 18. Qxf3 Qxf3 19. gxf3 Bxf3 20. Be3 1/2-1/2

[Event "FICGS rapid D 000144 email"]
[Site "FICGS email"]
[Date "2022.06.27"]
[Round "1"]
[White "Budnar, Milos"]
[Black "Joubert, Hennie"]
[Result "0-1"]
[WhiteElo "1514"]
[BlackElo "1452"]
[PlyCount "70"]
[EventDate "2022.??.??"]
[EventType "tourn (rapid)"]
[EventRounds "5"]
[SourceTitle "Corr 2024"]
[Source "ChessBase"]
[SourceDate "2023.10.19"]
[SourceVersion "1"]
[SourceVersionDate "2023.10.19"]
[SourceQuality "1"]

1. e4 c5 2. Nf3 e6 3. d4 cxd4 4. Qxd4 Nc6 5. Qa4 d6 6. Bb5 Bd7 7. 0-0 Nf6 8. Nc3 Be7 9. h3 a6 10. Bxc6 Bxc6 11. Qb3 Nxe4 12. Nxe4 Bxe4 13. Bg5 Bxg5 14. Nxg5 Bd5 15. Qd3 h6 16. Nf3 0-0 17. c4 Bc6 18. Rfd1 d5 19. Ne5 Qc7 20. Nxc6 bxc6 21. c5 Rfb8 22. b3 a5 23. a4 Rb4 24. Rdc1 Rab8 25. Ra3 e5 26. f3 Qd7 27. g4 Qb7 28. Rb1 Rd4 29. Qc3 Qa6 30. Kf2 Rbb4 31. Ke3 Qb7 32. Rb2 Qe7 33. Rd2 Rxg4 34. hxg4 d4+ 35. Rxd4 exd4+ 0-1

[Event "FICGS class E 000241 email"]
[Site "FICGS email"]
[Date "2022.03.17"]
[Round "1"]
[White "Budnar, Milos"]
[Black "Brand Lyard, Paul"]
[Result "0-1"]
[WhiteElo "1487"]
[BlackElo "1515"]
[PlyCount "42"]
[EventDate "2022.??.??"]
[EventType "tourn (corr)"]
[EventRounds "5"]
[SourceTitle "Corr 2024"]
[Source "ChessBase"]
[SourceDate "2023.10.19"]
[SourceVersion "1"]
[SourceVersionDate "2023.10.19"]
[SourceQuality "1"]

1. e4 e5 2. Nf3 Nc6 3. Bb5 a6 4. Ba4 b5 5. Bb3 d6 6. 0-0 Bg4 7. h3 Bxf3 8. Qxf3 f6 9. Bd5 Qd7 10. d3 Rd8 11. Be3 Nb4 12. Na3 c6 13. Bxg8 Rxg8 14. Qh5+ g6 15. Qg4 Qxg4 16. hxg4 d5 17. exd5 Rxd5 18. Rfd1 g5 19. Rac1 Nxa2 20. Rb1 Bxa3 21. bxa3 Nc3 0-1

[Event "FICGS class D 000283 email"]
[Site "FICGS email"]
[Date "2022.02.03"]
[Round "1"]
[White "Budnar, Milos"]
[Black "Csoma, Robert"]
[Result "0-1"]
[WhiteElo "1483"]
[BlackElo "1760"]
[PlyCount "52"]
[EventDate "2022.??.??"]
[EventType "tourn (corr)"]
[EventRounds "6"]
[SourceTitle "Corr 2024"]
[Source "ChessBase"]
[SourceDate "2023.10.19"]
[SourceVersion "1"]
[SourceVersionDate "2023.10.19"]
[SourceQuality "1"]

1. e4 c5 2. Nf3 d6 3. d4 cxd4 4. Nxd4 Nf6 5. Bb5+ Bd7 6. Bxd7+ Qxd7 7. Nc3 e6 8. 0-0 Be7 9. h3 0-0 10. Bg5 h6 11. Bh4 a6 12. Qf3 Nc6 13. Nxc6 Qxc6 14. Bxf6 Bxf6 15. Rad1 Rfd8 16. Rfe1 b5 17. e5 Qxf3 18. gxf3 Bxe5 19. Kg2 Rac8 20. Ne4 d5 21. Nc5 Rxc5 22. Rxe5 Rxc2 23. Rb1 d4 24. Ree1 d3 25. Red1 d2 26. Kf1 e5 0-1

[Event "FICGS class D 000283 email"]
[Site "FICGS email"]
[Date "2022.02.03"]
[Round "1"]
[White "Kachibacha, Jobadi"]
[Black "Budnar, Milos"]
[Result "1-0"]
[WhiteElo "1786"]
[BlackElo "1483"]
[PlyCount "43"]
[EventDate "2022.??.??"]
[EventType "tourn (corr)"]
[EventRounds "6"]
[SourceTitle "Corr 2024"]
[Source "ChessBase"]
[SourceDate "2023.10.19"]
[SourceVersion "1"]
[SourceVersionDate "2023.10.19"]
[SourceQuality "1"]

1. d4 Nf6 2. c4 e6 3. Nc3 Bb4 4. e3 0-0 5. Bd3 Bxc3+ 6. bxc3 d6 7. Ne2 e5 8. e4 Bg4 9. f3 Bh5 10. Rb1 b6 11. g4 Bg6 12. h4 h6 13. h5 Bh7 14. g5 hxg5 15. Bxg5 Nbd7 16. h6 g6 17. Bc2 c5 18. Ba4 Qc7 19. dxe5 Nh5 20. Rxh5 gxh5 21. Nf4 Nxe5 22. Nd5 1-0

[Event "FICGS class D 000281 email"]
[Site "FICGS email"]
[Date "2021.12.16"]
[Round "1"]
[White "Budnar, Milos"]
[Black "Brand Lyard, Paul"]
[Result "0-1"]
[WhiteElo "1543"]
[BlackElo "1609"]
[PlyCount "56"]
[EventDate "2021.??.??"]
[EventType "tourn (corr)"]
[EventRounds "6"]
[SourceTitle "Corr 2024"]
[Source "ChessBase"]
[SourceDate "2023.10.19"]
[SourceVersion "1"]
[SourceVersionDate "2023.10.19"]
[SourceQuality "1"]

1. e4 e5 2. Nf3 Nc6 3. Bb5 Qf6 4. 0-0 a6 5. Ba4 b5 6. Bb3 d6 7. h3 Bxh3 8. gxh3 Qg6+ 9. Kh1 Qxe4 10. d3 Qg6 11. Ng1 e4 12. Qg4 Qxg4 13. Nd2 Nd4 14. f3 exf3 15. Ndxf3 Qg3 16. Be3 Ne2 17. Nxe2 Qxh3+ 18. Nh2 Qxe3 19. Rae1 f6 20. Nc3 Qxe1 21. Rxe1+ Be7 22. Nd5 Kd8 23. Nf4 Nh6 24. Be6 c5 25. Nd5 g5 26. Nxe7 Kxe7 27. Bd5+ Kd7 28. Bxa8 Rxa8 0-1

[Event "FICGS class D 000281 email"]
[Site "FICGS email"]
[Date "2021.12.16"]
[Round "1"]
[White "Hilton, Stephen"]
[Black "Budnar, Milos"]
[Result "1-0"]
[WhiteElo "1700"]
[BlackElo "1543"]
[PlyCount "53"]
[EventDate "2021.??.??"]
[EventType "tourn (corr)"]
[EventRounds "6"]
[SourceTitle "Corr 2024"]
[Source "ChessBase"]
[SourceDate "2023.10.19"]
[SourceVersion "1"]
[SourceVersionDate "2023.10.19"]
[SourceQuality "1"]

1. d4 Nf6 2. Nf3 e6 3. Bf4 h6 4. e3 Bb4+ 5. c3 Ba5 6. Nbd2 0-0 7. Nc4 Nc6 8. Nxa5 Nxa5 9. b4 Nc6 10. Bd3 Nd5 11. Qc2 Nxf4 12. exf4 f5 13. 0-0 d5 14. Rfe1 Qf6 15. Ne5 Nxe5 16. fxe5 Qe7 17. f4 a6 18. Re3 Qh4 19. Rf3 Qh5 20. Qf2 b5 21. Rf1 Bd7 22. Rh3 Qg6 23. Kh1 a5 24. g4 Qf7 25. gxf5 exf5 26. Rg1 Kh8 27. Be2 1-0

[Event "FICGS rapid D 000140 email"]
[Site "FICGS email"]
[Date "2021.10.06"]
[Round "1"]
[White "Budnar, Milos"]
[Black "Pintor, Manuel"]
[Result "0-1"]
[WhiteElo "1509"]
[BlackElo "1624"]
[PlyCount "34"]
[EventDate "2021.??.??"]
[EventType "tourn (rapid)"]
[EventRounds "5"]
[SourceTitle "Corr 2024"]
[Source "ChessBase"]
[SourceDate "2023.10.19"]
[SourceVersion "1"]
[SourceVersionDate "2023.10.19"]
[SourceQuality "1"]

1. e4 e5 2. Nf3 Nc6 3. Bb5 Bc5 4. c3 d6 5. 0-0 Nge7 6. h3 0-0 7. b4 Bb6 8. d3 h6 9. Bxc6 Nxc6 10. b5 Ne7 11. c4 Ng6 12. Qe2 Qf6 13. Bb2 Nf4 14. Qd1 Bxh3 15. gxh3 Qg6+ 16. Ng5 Qxg5+ 17. Qg4 Nxh3+ 0-1

[Event "FICGS rapid D 000140 email"]
[Site "FICGS email"]
[Date "2021.10.06"]
[Round "1"]
[White "Cirovic, Zeljko"]
[Black "Budnar, Milos"]
[Result "1-0"]
[WhiteElo "1575"]
[BlackElo "1509"]
[PlyCount "39"]
[EventDate "2021.??.??"]
[EventType "tourn (rapid)"]
[EventRounds "5"]
[SourceTitle "Corr 2024"]
[Source "ChessBase"]
[SourceDate "2023.10.19"]
[SourceVersion "1"]
[SourceVersionDate "2023.10.19"]
[SourceQuality "1"]

1. e4 e5 2. Nf3 Nc6 3. Nc3 Nf6 4. d3 Bb4 5. Bd2 Bxc3 6. Bxc3 d6 7. Be2 Bg4 8. h3 Bh5 9. Qd2 Qd7 10. 0-0-0 0-0-0 11. a3 b6 12. g4 Bg6 13. Nh4 h6 14. Nxg6 fxg6 15. g5 hxg5 16. Qxg5 Qf7 17. Rdg1 Rdg8 18. Bg4+ Kb8 19. f4 Nd4 20. fxe5 1-0

[Event "FICGS rapid D 000140 email"]
[Site "FICGS email"]
[Date "2021.10.06"]
[Round "1"]
[White "Joubert, Hennie"]
[Black "Budnar, Milos"]
[Result "1-0"]
[WhiteElo "1399"]
[BlackElo "1509"]
[PlyCount "43"]
[EventDate "2021.??.??"]
[EventType "tourn (rapid)"]
[EventRounds "5"]
[SourceTitle "Corr 2024"]
[Source "ChessBase"]
[SourceDate "2023.10.19"]
[SourceVersion "1"]
[SourceVersionDate "2023.10.19"]
[SourceQuality "1"]

1. e4 e5 2. Bc4 Nf6 3. d4 exd4 4. Nf3 Nxe4 5. Qxd4 Nf6 6. 0-0 Be7 7. Re1 0-0 8. Bf4 d6 9. Nc3 c5 10. Qe3 Re8 11. Rad1 h6 12. h3 Bf5 13. Nb5 Bxc2 14. Rc1 Bg6 15. Rcd1 Ne4 16. Ne5 Nd7 17. Nxg6 Bg5 18. Bxg5 Qxg5 19. Qxg5 Nxg5 20. Nxd6 Rxe1+ 21. Rxe1 Kh7 22. Nf4 1-0

[Event "FICGS rapid D 000140 email"]
[Site "FICGS email"]
[Date "2021.10.06"]
[Round "1"]
[White "Leurette, Marc Antoine"]
[Black "Budnar, Milos"]
[Result "1-0"]
[WhiteElo "1634"]
[BlackElo "1509"]
[PlyCount "115"]
[EventDate "2021.??.??"]
[EventType "tourn (rapid)"]
[EventRounds "5"]
[SourceTitle "Corr 2024"]
[Source "ChessBase"]
[SourceDate "2023.10.19"]
[SourceVersion "1"]
[SourceVersionDate "2023.10.19"]
[SourceQuality "1"]

1. e4 e5 2. Nf3 Nc6 3. Bc4 Bc5 4. c3 Nf6 5. d3 d6 6. b4 Bb6 7. a4 a5 8. b5 Na7 9. 0-0 h6 10. Bb2 0-0 11. Re1 Bg4 12. Nbd2 c5 13. h3 Bh5 14. Qc2 Bg6 15. Nh4 Kh8 16. Ndf3 Qe8 17. Nxg6+ fxg6 18. Bb3 Nh5 19. c4 Nf4 20. Bc1 g5 21. Bxf4 gxf4 22. Nh4 g6 23. Qd2 Bd8 24. Nf3 b6 25. Bd1 g5 26. Kh2 Qg6 27. Ng1 Rf7 28. Bg4 Nc8 29. Bf5 Qf6 30. Qd1 Ne7 31. Bg4 Bc7 32. Bh5 Rg7 33. Qf3 Ng6 34. Qg4 Rf8 35. Ne2 f3 36. Qxf3 Qxf3 37. Bxf3 Nh4 38. Ng1 Nxf3+ 39. Nxf3 Bd8 40. Ra2 g4 41. Ng1 gxh3 42. Nxh3 Rgf7 43. f3 Bh4 44. Rf1 Rf6 45. Ng1 Rg8 46. Kh3 Bg3 47. Ne2 Rfg6 48. Nxg3 Rxg3+ 49. Kh2 h5 50. Rh1 Kh7 51. Kg1 Kh6 52. Rh2 Kg5 53. Kf2 h4 54. Ra1 Kh5 55. Rah1 Rxg2+ 56. Rxg2 Rxg2+ 57. Kxg2 Kg5 58. Kf2 1-0

[Event "FICGS class D 000277 email"]
[Site "FICGS email"]
[Date "2021.05.05"]
[Round "1"]
[White "Budnar, Milos"]
[Black "Tedoldi, Guido"]
[Result "0-1"]
[WhiteElo "1439"]
[BlackElo "1587"]
[PlyCount "62"]
[EventDate "2021.??.??"]
[EventType "tourn (corr)"]
[EventRounds "6"]
[SourceTitle "Corr 2022"]
[Source "ChessBase"]
[SourceDate "2021.10.24"]
[SourceVersion "1"]
[SourceVersionDate "2021.10.24"]
[SourceQuality "1"]

1. e4 c5 2. Nf3 Nc6 3. d4 cxd4 4. Nxd4 e5 5. Nb5 d6 6. N1c3 a6 7. Na3 Nf6 8. h3 Nd4 9. Bd3 Be6 10. 0-0 h6 11. b3 b5 12. Ne2 Nxe2+ 13. Qxe2 Rc8 14. Be3 Be7 15. c4 b4 16. Nc2 a5 17. a3 bxa3 18. Rxa3 0-0 19. Bd2 Bd7 20. Bxa5 Qe8 21. Bb4 Bc6 22. f3 Nh5 23. Qf2 Nf4 24. Rd1 Bd7 25. Be2 Bxh3 26. Bf1 Be6 27. Bxd6 Bxd6 28. Rxd6 Qe7 29. c5 Qg5 30. g4 h5 31. Ne3 Rxc5 0-1

[Event "FICGS class D 000272 email"]
[Site "FICGS email"]
[Date "2020.12.23"]
[Round "1"]
[White "Budnar, Milos"]
[Black "Javier, Christian"]
[Result "0-1"]
[WhiteElo "1402"]
[BlackElo "1800"]
[PlyCount "44"]
[EventDate "2020.??.??"]
[EventType "tourn (corr)"]
[EventRounds "6"]
[SourceTitle "Corr 2022"]
[Source "ChessBase"]
[SourceDate "2021.10.24"]
[SourceVersion "1"]
[SourceVersionDate "2021.10.24"]
[SourceQuality "1"]

1. e4 c5 2. Nf3 Nc6 3. d4 cxd4 4. Nxd4 Nf6 5. Nc3 d6 6. Bb5 Bd7 7. h3 e6 8. 0-0 Nxd4 9. Qxd4 Bxb5 10. Nxb5 a6 11. Nc3 Be7 12. Bg5 0-0 13. Rad1 Rc8 14. e5 dxe5 15. Qxe5 Qc7 16. Qxc7 Rxc7 17. Bxf6 Bxf6 18. Rd3 Rfc8 19. Rfd1 Kf8 20. Rd7 Bxc3 21. Rxc7 Rxc7 22. bxc3 Rxc3 0-1

[Event "FICGS class D 000272 email"]
[Site "FICGS email"]
[Date "2020.12.23"]
[Round "1"]
[White "Budnar, Milos"]
[Black "Plunkett, Louis"]
[Result "0-1"]
[WhiteElo "1402"]
[BlackElo "1651"]
[PlyCount "94"]
[EventDate "2020.??.??"]
[EventType "tourn (corr)"]
[EventRounds "6"]
[SourceTitle "Corr 2022"]
[Source "ChessBase"]
[SourceDate "2021.10.24"]
[SourceVersion "1"]
[SourceVersionDate "2021.10.24"]
[SourceQuality "1"]

1. e4 c5 2. Nf3 Nc6 3. d4 cxd4 4. Nxd4 g6 5. Nc3 Bg7 6. Be3 a6 7. Nxc6 bxc6 8. Be2 d6 9. 0-0 Nf6 10. h3 0-0 11. Qd2 Re8 12. Rad1 Qc7 13. Bg5 Rb8 14. b3 Bb7 15. Bh6 Bh8 16. Bg5 Rbd8 17. Bd3 d5 18. Qf4 e5 19. Qg3 Rd6 20. exd5 cxd5 21. Be2 Nh5 22. Bxh5 f6 23. Bh6 f5 24. Bc1 Bg7 25. Be2 d4 26. Bc4+ Kh8 27. Ba3 Rdd8 28. Na4 Qa5 29. f4 e4 30. Qe1 Qc7 31. Nc5 Bc8 32. Nxa6 Bxa6 33. Bxa6 Ra8 34. Bb5 Reb8 35. Ba4 Qxc2 36. Qd2 d3 37. Qxc2 dxc2 38. Rc1 Rc8 39. Bd6 Bd4+ 40. Kh1 Be3 41. Be5+ Kg8 42. g4 Bxc1 43. Rxc1 e3 44. Bb2 Rd8 45. Rxc2 Rd1+ 46. Kg2 Rd2+ 47. Rxd2 exd2 0-1